| 000 | 00746nam a22002417a 4500 | ||
|---|---|---|---|
| 999 |
_c881 _d881 |
||
| 001 | 19797 | ||
| 003 | BD-DhUAP | ||
| 005 | 20200128163035.0 | ||
| 008 | 200128t20152004bg ||||| b||| 001 0 eng d | ||
| 020 | _a9789845061544 | ||
| 040 |
_aBD-DhAAL _bEng _cBD-DhUAP _dBD-DhUAP |
||
| 082 |
_a327.5492 RAS _223 |
||
| 100 | _aRashid, Harun ur. | ||
| 245 |
_aInternational relations and Bangladesh / _cHarun ur Rashid. |
||
| 250 | _aRev. ed. | ||
| 260 |
_aDhaka : _bThe University Press Limited, _cc2015. |
||
| 300 |
_aix, 563 pages ; _c23 cm. |
||
| 504 | _aIncludes bibliographical references and index. | ||
| 650 | _aDiplomatic relations. | ||
| 650 |
_aForeign relations _zBangladesh. |
||
| 942 |
_2ddc _cBK |
||